Reaching for half the sky : (Record no. 172)
[ view plain ]
| 000 -LEADER | |
|---|---|
| fixed length control field | 00527nam a2200181 a 4500 |
| 001 - CONTROL NUMBER | |
| control field | 4293977 |
| 005 - DATE AND TIME OF LATEST TRANSACTION | |
| control field | 20231211041803.0 |
| 008 - FIXED-LENGTH DATA ELEMENTS--GENERAL INFORMATION | |
| fixed length control field | 850816s1985 ii b 000 0 eng |
| 040 ## - CATALOGING SOURCE (பட்டியலாக்க மூலம்) | |
| Original cataloging agency | DLC |
| Transcribing agency | DLC |
| Modifying agency | DLC |
| 082 00 - DDC Classification | |
| Class No. | 305.4. |
| DDC Edition Number | 19 |
| Item Number - Author Mark | Ant. |
| 100 ## - MAIN ENTRY--PERSONAL NAME | |
| Personal name | Prakashan Rashtriya Antar. |
| 245 00 - TITLE STATEMENT | |
| Title | Reaching for half the sky : |
| Remainder of title | a reader in women's movement. |
| Statement of responsibility, etc. | Magan Desai for Antar Rashtriya prakashan. |
| 250 ## - EDITION STATEMENT | |
| Edition statement | 1st. |
| 260 ## - PUBLICATION, DISTRIBUTION, ETC. | |
| Place of publication, distribution, etc. | Baroda : |
| Name of publisher, distributor, etc. | Antar Rashtriya Prakashan, |
| Date of publication, distribution, etc. | 1985. |
| 300 ## - PHYSICAL DESCRIPTION | |
| Extent (e.g. Volumes, Pages etc.) | 130 p. ; |
| 650 #0 - SUBJECT ADDED ENTRY--TOPICAL TERM | |
| Topical term or geographic name entry element | Feminism |
| 942 ## - Koha item type (Biblio) | |
| Koha item type | Books in Stacks (Lending) |
| Lost status | Damaged status | Collection code | Home library | Current library | Date acquired | Full call number | Accession Number | Item type |
|---|---|---|---|---|---|---|---|---|
| Lending | WERC Library | WERC Library | 12/11/2023 | 305.4. Ant. | 199 | Books in Stacks (Lending) |
